| 000 | 00407nam a2200157Ia 4500 | ||
|---|---|---|---|
| 008 | 230312s9999||||xx |||||||||||||| ||und|| | ||
| 020 | _a0-470-97551-0 | ||
| 082 |
_a621.31 _bSUM-E |
||
| 100 | _aSumper;Andreas | ||
| 245 | 0 | _aElectrical Energy Efficiency | |
| 260 |
_bJohn Wiley & Sons _aIndia _c2012 |
||
| 300 | _a398 | ||
| 546 | _aEng. | ||
| 650 |
_aEngineering _vElectrical Energy Efficiency |
||
| 942 | _cBK | ||
| 999 |
_c7397 _d7397 |
||